00589nam a2200217Ia 4500008004000000041000800040082001100048100001300059245003900072260003400111440000800145650001000153650000800163650001400171650001500185650000800200690001400208906001100222999001900233952011900252210210b1923 xxu||||| |||| 00| 0 eng d aeng a330/86 aCLAY (H) aEconomics for christians and other aOxfordbBasil Blackwellc1923 a1-2 aother afor aEconomics achristians aand aEconomics a003489 c118995d118995 001040708EconomicsaALbALcEconomicsd2021-02-17g0.00l0o330/86p003489r2021-02-17 00:00:00w2021-02-17yBK